Kraje UEFA - Statystyki

Ogólne statystyki
  • Ten quiz został rozwiązany 146 razy
  • Średni wynik to 43 z 55
Statystyki odpowiedzi
Miejsce w
rankingu FIFA
Kraj UEFA % Poprawnych
7 Hiszpania
96%
26 Polska
96%
5 Anglia
94%
2 Belgia
94%
3 Francja
94%
36 Rosja
92%
12 Niemcy
91%
6 Włochy
89%
10 Holandia
88%
19 Szwecja
88%
57 Finlandia
86%
138 Litwa
86%
135 Łotwa
86%
153 Andora
85%
33 Czechy
85%
211 San Marino
85%
45 Słowacja
85%
27 Ukraina
85%
11 Dania
84%
41 Norwegia
84%
65 Słowenia
84%
16 Chorwacja
83%
110 Estonia
83%
47 Irlandia
83%
14 Szwajcaria
83%
43 Turcja
83%
55 Grecja
82%
34 Austria
81%
63 Islandia
81%
48 Rumunia
80%
39 Szkocja
80%
40 Węgry
80%
93 Białoruś
79%
94 Luksemburg
79%
18 Walia
79%
70 Czarnogóra
77%
107 Kosowo
76%
25 Serbia
76%
66 Albania
75%
180 Mołdawia
75%
59 Bośnia i hercegowina
74%
73 Bułgaria
73%
192 Liechtenstein
72%
85 Gruzja
71%
54 Irlandia pólnocna
71%
62 Macedonia północna
70%
129 Azerbejdzan
65%
105 Cypr
65%
169 Malta
65%
92 Armenia
62%
125 Kazachstan
61%
76 Izrael
57%
203 Gibraltar
55%
124 Wyspy owcze
54%
8 Portugalia
2%
Nie znaleziono quizów pasujących do podanych kryteriów
Rozkład punktacji
Procent ludzi z każdym wynikiem
Percentyl według liczby udzielonych odpowiedzi
Twoja historia wyników
Nie rozwiązałeś tego quizu